| 000 | 00588nam a2200193 i 4500 | ||
|---|---|---|---|
| 001 | 26996 | ||
| 003 | ES-MaACL | ||
| 005 | 20230906153534.0 | ||
| 007 | t| | ||
| 008 | 030113s1967 sp ||||1| spa d | ||
| 100 | 1 |
_aAsimov, Isaac. _923610 |
|
| 245 | 1 | 3 |
_aEl cuerpo humano / _cpor Isaac Asimov ; versión... A. Jornet ; ilustrada por Anthony Ravielli. |
| 250 | _a[1ª ed.]. | ||
| 260 |
_aBarcelona : _bToray, _c[1967] |
||
| 300 |
_aVIII, 334 p. : _bil. ; _c20 cm. |
||
| 700 | 1 |
_aJornet Cases, A. _966960 |
|
| 700 | 1 |
_aRavielli, Anthony. _995590 |
|
| 852 |
_aES-MaACL _jC-32786 _bR.63670 |
||
| 999 |
_c26996 _d26996 |
||